Mujeres en Colombia contra el silencio

Spremljeno u:
Bibliografski detalji
Autor kompanije: Amnistía Internacional
Format: Tekst
Izdano: Londres: Amnistía Internacional
Oznake: Dodaj oznaku
Bez oznaka, Budi prvi tko označuje ovaj zapis!

MARC

LEADER 00000 a a2200000 04500
001 23299
003
040
090 |a 161300  
110 |a Amnistía Internacional  
245 |a Mujeres en Colombia contra el silencio  
260 |a Londres:   |b Amnistía Internacional  
300 |a 21 p.  
999 |c 11326  |d 11326